Las sendas imborrables / (Record no. 183534)

MARC details
000 -LEADER
campo de control de longitud fija 00755nam a2200205 i 4500
001 - NÚMERO DE CONTROL
campo de control 183534
003 - IDENTIFICADOR DE NÚMERO DE CONTROL
campo de control ES-MaACL
005 - FECHA Y HORA DE LA ÚLTIMA TRANSACCIÓN
campo de control 20250804063442.0
008 - DATOS DE LONGITUD FIJA--INFORMACIÓN GENERAL
campo de control de longitud fija 140716s2013 sp | |||||||| | spa d
080 ## - NÚMERO DE LA CLASIFICACIÓN DECIMAL UNIVERSAL
Número de la Clasificación Decimal Universal 821.134.2-31"20"
100 1# - ENTRADA PRINCIPAL--NOMBRE DE PERSONA
Nombre de persona Reyes Martínez, Antonio,
Fechas asociadas al nombre 1975-
9 (RLIN) 154976
245 14 - MENCIÓN DEL TÍTULO
Título Las sendas imborrables /
Mención de responsabilidad, etc. Antonio Reyes.
260 ## - PUBLICACIÓN, DISTRIBUCIÓN, ETC.
Lugar de publicación, distribución, etc. [Jaén?] :
Nombre del editor, distribuidor, etc. A. Reyes,
Fecha de publicación, distribución, etc. D.L. 2013 (
Lugar de fabricación/manufactura Torredonjimeno, Jaén :
Fabricante Gráfs. Águila)
300 ## - DESCRIPCIÓN FÍSICA
Extensión 301 p. ;
Dimensiones 22 cm.
852 ## - LOCALIZACIÓN
Ubicación ES-MaACL
Número de control de estantería A-13145
itemnumber 190475
Sublocalización o colección R.149985
Ubicación en estantería Depósito 1
Signatura antigua Olim:N-6145
Anotaciones manuscritas Dedicatoria :autógrafa del autor
Donativo/Legado donación: del autor Antonio Reyes
903 ## - NOMBRE PERSONAL DE DONANTE
9 96559
a Reyes, Antonio
e Donante
942 ## - ELEMENTOS DE ENTRADA SECUNDARIOS (KOHA)
Fuente del sistema de clasificación o colocación Clasificación decimal universal
Tipo de ítem Koha Libro impreso
Holdings
Estatus retirado Estado de pérdida Fuente del sistema de clasificación o colocación Estado de daño No para préstamo Colección Biblioteca de origen Biblioteca actual Ubicación en estantería Fecha de adquisición Fuente de adquisición Total de préstamos Signatura topográfica completa Código de barras Visto por última vez Precio de reemplazo Tipo de ítem Koha Nota pública
    Clasificación decimal universal     Libros con dedicatorias Biblioteca del Ateneo de Madrid Biblioteca del Ateneo de Madrid Depósito 1 16/07/2014 Donación   A-13145 1192912 23/02/2023 23/02/2023 Libro impreso Dedicatoria autógrafa de la autor